Statistics for Top 15 Richest Urban Areas in the U.S.

Click here to take the quiz!

General Stats

  • This quiz has been taken 7,133 times
  • The average score is 10 of 15

Answer Stats

$ Urban Area % Correct
77,487New York City
98%
71,489Los Angeles
95%
101,753San Francisco / San Jose
93%
70,031Chicago
86%
79,804Boston
86%
83,897Seattle
85%
91,668Washington D.C. / Baltimore
82%
68,707Philadelphia
68%
71,158Portland
65%
79,521Denver
60%
77,553Minneapolis
43%
71,762Sacramento
36%
75,423Salt Lake City
31%
68,173Raleigh
20%
75,885Hartford
18%

Score Distribution

Percentile by Number Answered

Percent of People with Each Score

Your Score History

You have not taken this quiz